Andrés Bello y los libros.
Kaydedildi:
| Yazar: | |
|---|---|
| Materyal Türü: | Kitap |
| Dil: | İspanyolca |
| Baskı/Yayın Bilgisi: |
Santiago, Chile:
Fondo Andrés Bello,
1981.
|
| Konular: | |
| Etiketler: |
Etiketle
Etiket eklenmemiş, İlk siz ekleyin!
|
MARC
| LEADER | 00000nam a2200000 a 4500 | ||
|---|---|---|---|
| 001 | UCT8503 | ||
| 003 | CL-VaPUC | ||
| 005 | 20220822114329.0 | ||
| 008 | 970326e19810000CL |||||||||||||||||spa|d | ||
| 999 | |c 256996 |d 256994 | ||
| 040 | |c Pontificia Universidad Católica de Valparaíso | ||
| 082 | 0 | 4 | |a 928 AVI 1981 |2 21 |
| 100 | 0 | |a Ávila Martel, Alamiro de |e autor |9 380245 | |
| 245 | 1 | 0 | |a Andrés Bello y los libros. |
| 260 | |a Santiago, Chile: |b Fondo Andrés Bello, |c 1981. | ||
| 300 | |a 72 páginas. | ||
| 500 | |a c.2 Donación Familia Prof. Alejandro Guzmán Brito. | ||
| 583 | |a last modification |c 19970326 00:00:00 |k Rodrigo Vera | ||
| 600 | 0 | 7 | |a BELLO, ANDRES |2 CL-VaPUC |9 380246 |
| 650 | 0 | |a Biografías |9 255210 | |
| 942 | |c BK |2 ddc |n 0 | ||
| 945 | |d 19970326 00:00:00 |a rleighto | ||
| 952 | |0 0 |1 0 |4 0 |6 928_000000000000000_AVI_1981 |7 0 |8 P |9 280200 |a BIBDER |b BIBDER |d 2019-11-19 |i 3295605 |o 928 AVI 1981 |p 3295605 |r 2023-01-25 |w 2019-11-19 |y BK |k DER | ||